000 00868nam a2200253Ia 4500
003 OSt
005 20220927103616.0
006 a|||||r|||| 00| 0
007 ta
008 220926b |||||||| |||| 00| 0 eng d
024 _a70668
037 _cReference Collections
040 _aRTL
_cRTL
_beng
041 _2eng
_aeng
082 _a"X755:(Z,3), H9.41-2/Un"
110 _aInternational Bank for Reconstructiona dn Development and Central Eletrioa De Furnas
_9360421
245 0 _aLoan agreement (amended)
_bEstreito hydroeletric project.
260 _aNew
_bYork I B R D U S A
_c1966
300 _a24p.
_ccm.
650 _aForeign Loan
_9360422
700 _aInternational Bank for Reconstructiona dn Development and Central Eletrioa De Furnas
_9360423
942 _h"X755:(Z,3), H9.41-2/Un"
_cCC
999 _c684261
_d684261